Vnější ekonomické vztahy ČSFR, Japonska a regionu jihovýchodní Asie.

Význam vonkajších ekonomických vzťahov s Japonskom a oblasťou juhovýchodnej Ázie (do ktorej patria nové priemyselné ekonomiky, krajiny ASEAN a ČĽR). Charakteristika ekonomiky Japonska a krajín juhovýchodnej Ázie a súčasnej úrovne vzťahov ČSFR s týmito oblasťami. Veľké možnosti budúcej spolupráce.

Gespeichert in:
Bibliographische Detailangaben
1. Verfasser: Pilmaier, V.
Format: Buchkapitel
Sprache:Tschechisch
Schlagworte:
Tags: Tag hinzufügen
Keine Tags, Fügen Sie das erste Tag hinzu!

MARC

LEADER 00000naa a2200000 4500
001 r005035
005 20221125080726.8
041 0 |a cze 
044 |a [CS] 
245 1 0 |a Vnější ekonomické vztahy ČSFR, Japonska a regionu jihovýchodní Asie.  |c V. Pilmaier 
520 |a Význam vonkajších ekonomických vzťahov s Japonskom a oblasťou juhovýchodnej Ázie (do ktorej patria nové priemyselné ekonomiky, krajiny ASEAN a ČĽR). Charakteristika ekonomiky Japonska a krajín juhovýchodnej Ázie a súčasnej úrovne vzťahov ČSFR s týmito oblasťami. Veľké možnosti budúcej spolupráce. 
610 2 0 |a vzťahy hospodárske vonkajšie 
610 2 0 |a ČSFR 
610 2 0 |a Japonsko 
610 2 0 |a juhovýchodná Ázia 
610 2 0 |a ASEAN 
610 2 0 |a rozvoj hospodársky 
610 2 0 |a spolupráca hospodárska medzinárodná 
100 1 |a Pilmaier, V.